[Event "GRE-chT 44th"]
[Site "Achaia"]
[Date "2016.07.09"]
[Round "6.13"]
[White "Mihailidou, Magdalini"]
[Black "Diakouli, Ioanna Maria"]
[Result "1-0"]
[WhiteElo "1530"]
[BlackElo "1071"]
[PlyCount "113"]
[EventDate "2016.07.05"]
[EventType "team-swiss"]
[EventRounds "7"]
[EventCountry "GRE"]
[SourceTitle "CBM 173 Extra"]
[Source "ChessBase"]
[SourceDate "2016.08.29"]
[SourceVersion "1"]
[SourceVersionDate "2016.08.29"]
[SourceQuality "1"]
[WhiteTeam "Kavalas OFS"]
[BlackTeam "Egaleo CN"]
[WhiteTeamCountry "GRE"]
[BlackTeamCountry "GRE"]

1. e4 e6 2. d4 d5 3. Nd2 Nf6 4. e5 Nfd7 5. Bd3 c5 6. c3 Nc6 7. Ne2 cxd4 8. cxd4 f6 9. Nf4 Nxd4 10. Qh5+ Ke7 11. Ng6+ hxg6 12. exf6+ Nxf6 13. Qxh8 Kf7 14. 0-0 Nh5 15. Nb3 Nc6 16. Qh7 Ne5 17. Bxg6+ Nxg6 18. Qxh5 Be7 19. Nd4 e5 20. Nf3 Qd6 21. Bg5 e4 22. Bxe7 Kxe7 23. Ng5 Be6 24. Qxg6 Rg8 25. Nxe6 Qxe6 26. Qg5+ Kd6 27. f4 d4 28. f5 Qe5 29. Rad1 d3 30. Qg6+ Qf6 31. Rfe1 Qxg6 32. fxg6 Kd5 33. Rf1 Kd4 34. Rf7 e3 35. Rd7+ Ke4 36. R1xd3 Re8 37. Rd1 e2 38. Re1 Ke3 39. Rxg7 Rd8 40. Re7+ Kf4 41. R7xe2 Rg8 42. Re7 Rxg6 43. Rxb7 Ra6 44. a3 Ra4 45. Rb4+ Rxb4 46. axb4 Kg4 47. Re7 a6 48. Ra7 Kh4 49. Rxa6 Kg4 50. Rf6 Kh4 51. Rg6 Kh5 52. Rg3 Kh4 53. b5 Kh5 54. b6 Kh6 55. b7 Kh7 56. b8Q Kh6 57. Qh8# 1-0